000 01417nam a2200361 c 4500
999 _c56631
_d56631
003 BLK
005 20221202093510.0
008 180408b bul|||||r ||||||| ||bul||
010 _aKNG00060613000
040 _aBLK
041 _aBUL
_cBUL
072 7 _2bullib
_aК
_xКраезнание
080 _aИстория на България
_b94(497.2)
_z94(497.2)
080 _aПланиране на населени места
_b711.4
_x(497.2)
_z711.4(497.2)
100 1 _aДеведжиев, Марин Станчев
_eпърви автор
_9366415
139 _aДеведжиев, Марин Станчев
_bД 32
245 1 0 _aКратка история на селищното развитие по българските земи
_cМарин Станчев Деведжиев.
257 _aBGR
260 _bОФ
_c1979
_aСофия
300 _a352 с.
_bс к., табл.
_c22 см
380 _a9
500 _aРез. на рус. и фр. ез. - Библиогр. след разделите. - Геогр. и именен показалци.
650 4 _aСелища - България - история
_9258443
651 4 _aБългария
_9241624
653 _aбългарска история
653 _aселища
659 _aК
852 _aЦб 101974
852 _aК 94(497.2)/Д 32 М
856 4 _qpdf
_i0.00
_ldisable
856 4 _qpdf
_i0.00
_ldisable
942 _cKNG
_n0
_s1
944 _aCR
_c13.06.2004
_kВаля_Йорданова
944 _aED
_c17.12.2012
999 _d56631
999 _d56631